| 000 | 01131naa a22003137a 4500 | ||
|---|---|---|---|
| 001 | BR8005113 | ||
| 003 | BR-BrBNA | ||
| 005 | 20240918174645.0 | ||
| 007 | ta | ||
| 008 | 230509b bl.||||| |||| 00| 0 por d | ||
| 040 |
_aBR-BrBNA _bpor _cBiblioteca Nacional de Agricultura |
||
| 041 | _a(Es) | ||
| 072 |
_aK20 _b3103 _bG516 |
||
| 090 | _aK20 BR8005113 | ||
| 100 | 1 | _aBarros, S.A. | |
| 111 | 1 |
_a1. Encontro da IUFRO _cCuritiba, PR (Brazil) _d21 Oct 1979 |
|
| 245 | 1 | _aInventario de La Reserva Forestal de Malalcahuello 9. Region - Chile [Araucaria, Pinheiro, Administracao florestal, Aerofotogrametria] | |
| 260 | 3 |
_aCuritiba, PR (Brasil): _c1980. |
|
| 500 | _aProblemas Florestais do Genero Araucaria Curitiba, PR (Brasil): 1980. p. 16-28 (BR8005113-AM)K20 | ||
| 650 | _aRECONHECIMENTO FLORESTAL | ||
| 650 | _aPINHEIRO | ||
| 650 | _aAEROFOTOGRAMETRIA | ||
| 650 | _aINVENTARIO FLORESTAL | ||
| 650 | _aPARQUE FLORESTAL | ||
| 650 | _aCHILE | ||
| 773 | 0 |
_tProblemas Florestais do Genero Araucaria _wK20 BR8005113 _gCuritiba, PR (Brasil), 1980. p. 16-28 |
|
| 909 |
_a202404 _bLucia _c55 _dLucia Elande |
||
| 942 |
_cAM _2AGRIS |
||
| 999 |
_c312655 _d312655 |
||